Ein trojanisches Pferd für Europa? Das Haus Dönhoff in genealogischen Schriften des 17. bis 19. Jahrhunderts
| Titel: | Ein trojanisches Pferd für Europa? Das Haus Dönhoff in genealogischen Schriften des 17. bis 19. Jahrhunderts / Oliver Hegedüs |
|---|---|
| Verfasser: | |
| In: |
Adelskulturen im Baltikum 15.–19. Jahrhundert, (2025), Seite 285-288 alle Artikel anzeigen |
| Veröffentlicht: | 2025 |
| Format: | Aufsatz |
| Sprache: | Deutsch |
X
alg: 54282769 001A $03025:11-03-26 001B $03025:11-03-26 $t15:50:40.000 001D $03025:11-03-26 001U $0utf8 001X $00 002@ $0Aou 002C $aText $btxt $2rdacontent 002D $aohne Hilfsmittel zu benutzen $bn $2rdamedia 002E $aBand $bnc $2rdacarrier 003@ $0542827697 010@ $ager 010E $erda 011@ $a2025 021A $aEin @trojanisches Pferd für Europa? Das Haus Dönhoff in genealogischen Schriften des 17. bis 19. Jahrhunderts $hOliver Hegedüs 028A $BVerfasser $4aut $8Hegedüs, Oliver [Tp3] $9507396375 031A $h285-288 $j2025 039B $aEnthalten in $8--Aau--. Adelskulturen im Baltikum 15.–19. Jahrhundert. - Marburg : Verlag Herder-Institut, 2025. - 426 Seiten. - 15 Illustrationen. - ISBN 978-3-87969-475-4 $x202500000000000715 $9540932442 044K $#Denhoff $#Dönhoffowie $#Doenhoffowie $#Dönhoff von $#Doenhoff von $7118672150 $8$PDönhoff$lFamilie$Zab 13. Jh. [Tp1] $9087013037 044K $RHistorische Hilfswissenschaften $RAbstammung $RLineage $RGenealoge $#Genealogy $#Généalogie $#Genealogie $#Ahnenforschung $#Ahnenkunde $#Familienforschung Genealogie $#Familiengeschichte Genealogie $#Familienkunde $#Historische Familienforschung $#Sippenkunde $#Abstammung Genealogie $#Herkunft Genealogie $74020097-8 $8Genealogie [Ts1] $9085048054 044K $RSchriftdenkmal $#Schriftwerk $#Schriftwerke $74255550-4 $8Schrifttum [Ts1] $9086355872 045F $a929.0943070903 $eDDC23BSB 045F/01 $a929 045F/03 $f0903 045F/03 $g4307 045R $aGeschichte 1600-1900 lok: 54282769 78 exp: 54282769 78 1 #EPN 201B/01 $011-03-26 $t12:51:52.000 201C/01 $011-03-26 201U/01 $0utf8 203@/01 $01337397946 208@/01 $a11-03-26 $be 209A/01 $a/ $f000 $x00 209A/01 $ab*p $x01 220C/01 $apgar 244Z/01 $#Baltische Staaten $#Baltikum $#Baltische Staaten $#Baltische Staaten $#Baltische Provinzen $#Russische Ostseeprovinzen $#Baltische Republiken $#Russland, Ostseeprovinzen $74004379-4 $8--Tg1--Baltikum $x01 $9085003506 244Z/01 $#Preußen $#Preußen $#Brandenburg-Preußen $#Königreich Preußen $#Preußische Staaten $#Preußischer Staat $#Der @Preußische Staat $#Königlich Preußische Staaten $#Prusy Królewskie $#Königlich Preußen $#Prussia $74047194-9 $8--Tg1--Preußen $x06 $9085131652 247C/01 $82080>Marburg/Lahn, Herder-Institut, Forschungsbibliothek, Bibliographieportal $9336309341
| LEADER | 00000naa a2200000 c 4500 | ||
|---|---|---|---|
| 001 | 542827697 | ||
| 003 | DE-603 | ||
| 005 | 20260311155040.0 | ||
| 007 | tu | ||
| 008 | 260311s2025 xx |||| | u00||u|ger c | ||
| 035 | |a (DE-599)HEB542827697 | ||
| 040 | |a DE-603 |b ger |c DE-603 |d DE-603 |e rda | ||
| 041 | |a ger | ||
| 082 | 0 | 4 | |8 1\u |a 929.0943070903 |q DE-101 |2 23/BSB |
| 085 | |8 1\u |b 929 | ||
| 085 | |8 1\u |z 1 |s 0903 | ||
| 085 | |8 1\u |z 2 |s 4307 | ||
| 100 | 1 | |a Hegedüs, Oliver |e Verfasser |4 aut |0 (DE-603)507396375 |0 (DE-588)1287716253 |2 gnd | |
| 245 | 0 | 0 | |a Ein trojanisches Pferd für Europa? Das Haus Dönhoff in genealogischen Schriften des 17. bis 19. Jahrhunderts |c Oliver Hegedüs |
| 264 | 0 | |c 2025 | |
| 336 | |a Text |b txt |2 rdacontent | ||
| 337 | |a ohne Hilfsmittel zu benutzen |b n |2 rdamedia | ||
| 338 | |a Band |b nc |2 rdacarrier | ||
| 600 | 3 | 7 | |a Dönhoff |c Familie |d ab 13. Jh. |0 (DE-588)118672150 |0 (DE-603)087013037 |2 gnd |
| 648 | 7 | |a Geschichte 1600-1900 |2 gnd | |
| 650 | 7 | |a Genealogie |0 (DE-588)4020097-8 |0 (DE-603)085048054 |2 gnd | |
| 650 | 7 | |a Schrifttum |0 (DE-588)4255550-4 |0 (DE-603)086355872 |2 gnd | |
| 773 | 0 | 8 | |i Enthalten in |t Adelskulturen im Baltikum 15.–19. Jahrhundert |d Marburg : Verlag Herder-Institut, 2025 |h 426 Seiten, 15 Illustrationen |z 9783879694754 |z 3879694753 |g (2025), Seite 285-288 |w (DE-603)540932442 |
| 924 | 0 | |9 2080 |a (DE-603)1337397946 |b DE-2080 |c HES |d d |g / | |


